The accidental theorist (Record no. 4048)

MARC details
000 -LEADER
fixed length control field 01192nam a2200157Ia 4500
005 - DATE AND TIME OF LATEST TRANSACTION
control field 20250117103656.0
008 - FIXED-LENGTH DATA ELEMENTS--GENERAL INFORMATION
fixed length control field 250117s9999 xx 000 0 und d
020 ## - INTERNATIONAL STANDARD BOOK NUMBER
International Standard Book Number 9780140286861
082 ## - DEWEY DECIMAL CLASSIFICATION NUMBER
Classification number 330KRU
100 ## - MAIN ENTRY--PERSONAL NAME
Personal name Krugman, Paul R.
245 #4 - TITLE STATEMENT
Title The accidental theorist
Remainder of title and other dispatches from the dismal science
260 ## - PUBLICATION, DISTRIBUTION, ETC.
Place of publication, distribution, etc. London
Name of publisher, distributor, etc. Penguin
Date of publication, distribution, etc. 1999
300 ## - PHYSICAL DESCRIPTION
Extent 204 p. ; 22 cm.
520 ## - SUMMARY, ETC.
Summary, etc. In this wonderfully cohesive set of sharp and witty essays, Paul Krugman tackles bad economic ideas from across the political spectrum. In plain English, he enlightens us on the Asian crisis, corporate downsizing, and the globalization of the American economy, among other topics. The writing here brilliantly combines the acerbic style and clever analysis that has made Krugman famous. Imagine declaring New York its own country and you get a better picture of our trade balance with China and Hong Kong. Try reducing the economy to the production of hot dogs and buns and you?ll understand why common beliefs about the impact of production efficiency on labor demand are wrong. This is a collection that will amuse, provoke, and enlighten, in classic Paul Krugman style
650 ## - SUBJECT ADDED ENTRY--TOPICAL TERM
Topical term or geographic name entry element Economics.
Holdings
Withdrawn status Lost status Damaged status Not for loan Home library Current library Date acquired Total checkouts Full call number Barcode Date last seen Price effective from Koha item type
        UONGOZI Institute Resources Centre - Dar es Salaam UONGOZI Institute Resources Centre - Dar es Salaam 01/17/2025   330KRU 004093 01/31/2025 01/17/2025 Book